1366 1385 1367 1637 1907 1666 1326 1881 1944 1525 1646 1450 1985 1133 1580 1715 1614 1308 1759 1421 1967 1871 1004 1735 1100 1538 1329 1901 1067 1140 1480 1594 1955 1074 1848 1378 1583 1106 1000 1536 1100 1847 1061 1744 1782 1777 1739 1355 1272 1407 1926 1934 1033 1096 1880 1135 1707 1410 1730 1898 1037 1773 1043 1470 1557 1435 1661 1992 1408 1729 1722 1269 1846 1197 1833 1087 1768 1647 1988 1127 1993 1027 1932 1349 1107 1629 1942 1258 1577 1363 1550 1280 1310 1129 1043 1842 1820 1690 1889 BCNSPRNW ULIB Ver.6.0+V

เปลี่ยนเป็นภาษาไทย

Change to English
 แสดงรายละเอียดบรรณานุกรม
  กลับหน้าหลัก

Brief Record : Get Marc (ISO 2709) : E-mail record : QR code < ปิดหน้าต่าง
LEADER : 00000nam 2200000uu 4500
001    13399126772
003     ULIB
008    190304s2561||||th 000 0 tha d
020    ^a9786168139691
060    ^aWB310^bณ211อ
100    ^aณรงค์กร ซ้ายโพธิ์กลาง :บรรณาธิการ และคณะ
245    ^aอายุรศาสตร์ผู้สูงอายุ (GERIATRIC MEDICINE)/^cณรงค์กร ซ้ายโพธิ์กลาง :บรรณาธิการ และคณะ
250    ^aพิมพ์ครั้งที่ 1
260    ^aปทุมธานี :^bภาควิชาอายุรศาสตร์ คณะแพทยศาสตร์ มหาวิทยาลัยธรรมศาสตร์,^c2561
300    ^a456 หน้า;^b26 ซม.
650    ^aอายุรศาสตร์
650    ^aผู้สูงอายุ^xโรค
945    ^p700^l0^i27189
945    ^p700^l0^i27192
945    ^p700^l0^i27191
945    ^p700^l0^i27190
945    ^p700^l0^i27193
999    ^aกัณชพร จุลอักษร
รายการนี้ยังไม่มีแท็ก
คุณยังไม่ได้ล็อกอิน คุณสามารถมีกิจกรรมร่วมกับเว็บไซต์ได้ แต่ต้องล็อกอินก่อน ::
  ล็อกอิน

รายการสื่อสารสนเทศ

ลำดับที่ ประเภท เลขเรียก/บาร์โค้ด สถานที่ สถานะ
1. หนังสือสำรอง
หนังสือสำรอง
WB310 ณ211อ ฉ.1 
  Barcode: 27189
ห้องสมุดวิทยาเขตนครสวรรค์
►หนังสือทั่วไป:l:General Books
บนชั้น
2. วิทยาศาสตร์การแพทย์ และสุขภาพ
วิทยาศาสตร์การแพทย์ และสุขภาพ
WB310 ณ211อ ฉ.2 
  Barcode: 27190
ห้องสมุดวิทยาเขตนครสวรรค์
►หนังสือทั่วไป:l:General Books
บนชั้น
3. วิทยาศาสตร์การแพทย์ และสุขภาพ
วิทยาศาสตร์การแพทย์ และสุขภาพ
WB310 ณ211อ ฉ.3 
  Barcode: 27191
ห้องสมุดวิทยาเขตนครสวรรค์
►หนังสือทั่วไป:l:General Books
บนชั้น
4. วิทยาศาสตร์การแพทย์ และสุขภาพ
วิทยาศาสตร์การแพทย์ และสุขภาพ
WB310 ณ211อ ฉ.4 
  Barcode: 27192
ห้องสมุดวิทยาเขตนครสวรรค์
►หนังสือทั่วไป:l:General Books
บนชั้น
5. วิทยาศาสตร์การแพทย์ และสุขภาพ
วิทยาศาสตร์การแพทย์ และสุขภาพ
WB310 ณ211อ ฉ.5 
  Barcode: 27193
ห้องสมุดวิทยาเขตนครสวรรค์
►หนังสือทั่วไป:l:General Books
บนชั้น

รายการใกล้เคียง
    ผู้แต่ง [ณรงค์กร ซ้ายโพธิ์กลาง :บรรณาธิการ และคณะ]

    หัวเรื่อง [อายุรศาสตร์]

BibComment


ยังไม่เคยถูกคอมเมนท์

คอมเมนท์ทรัพยากรรายการนี้
  คอมเมนท์: อายุรศาสตร์ผู้สู..


 Copyright 2026. Bcnsprnw @Library